000
002800000a22000970004500
100
1
_a
Hesselgrave, David J.
245
1
0
_a
Frontier ferment in the local church
300
_a
Vol. 1, Núm 3 (1984), Páginas 203-213
773
0
_t
International Journal of Frontier Misions
942
_c
ANA
999
_c
55155
_d
55155